00640nam a22001937a 450000500170000001000290001702000260004603500270007203700150009903700190011408200130013310000210014624501230016726000460029027000430033630000240037950000400040370000030044320110712120123.0 aENG-102992 B-459250-264 a9788176211956c250.00 aEN-86525 B-459250-264 bDBAD / PUB bAllied Pub/Ven a613.7176 aSingh, Bindya S. aNine easy steps to complete health and well being :cby Bindiya S. Singhba guide to health, happiness and vitality / aNew Delhi bFull Circle Publishing c2011 aJ-40, Jorbagh LanebNew Delhi e110003 a247p. c22cm (pbk)  aIncludes bibliographical references